Giảng dạy môn Tư tưởng Hồ Chí Minh theo hệ thống tín chỉ /

Wedi'i Gadw mewn:
Manylion Llyfryddiaeth
Prif Awdur: Võ Văn Lộc.
Fformat: Erthygl
Iaith:Vietnamese
Tagiau: Ychwanegu Tag
Dim Tagiau, Byddwch y cyntaf i dagio'r cofnod hwn!
Thư viện lưu trữ: Thư viện Trường Đại học Đà Lạt
LEADER 00769nam a2200229 4500
001 DLU120001073
005 ##20121008
040 # # |a DLU  |b vie 
041 # # |a vie 
044 # # |a vn 
100 # # |a Võ Văn Lộc. 
245 # # |a Giảng dạy môn Tư tưởng Hồ Chí Minh theo hệ thống tín chỉ /  |c Võ Văn Lộc. 
773 # # |t Kỷ yếu hội thảo khoa học toàn quốc: Đổi mới phương pháp giảng dạy Đại học theo hệ thống tín chỉ  |g 2010, tr. 219-227 
920 # # |a Phòng Tạp chí -- Trung tâm Thông tin - Thư viện Trường Đại học Đà Lạt 
994 # # |a DLU 
900 # # |a True 
911 # # |a Nguyễn Thị Tưởng 
925 # # |a G 
926 # # |a A 
927 # # |a BB 
980 # # |a Thư viện Trường Đại học Đà Lạt